000
00292 a2200121 4500
001
75702
040
_c
Anchieta - Colégio São Paulo
100
_a
Azevedo, Ricardo
240
1
0
_a
O peixe que pode cantar
_l
por
245
1
0
_a
O peixe que pode cantar
650
4
_a
Literatura juvenil
942
_c
BK
999
_c
75702
_d
75702